Špecifické kreatívne techniky

Analýza vybraných metód a techník kreatívneho myslenia. Rôzne aspekty tvrivosti a techniky pre generovanie nápadov a divergentné myslenie.

Gespeichert in:
Bibliographische Detailangaben
1. Verfasser: Potančok, Milan
Format: Buchkapitel
Sprache:Slowakisch
Schlagworte:
Tags: Tag hinzufügen
Keine Tags, Fügen Sie das erste Tag hinzu!

MARC

LEADER 00000naa a2200000 4500
001 0201016
005 20220715093318.1
041 0 |a slo 
044 |a SK 
245 1 0 |a Špecifické kreatívne techniky  |c Milan Potančok 
520 |a Analýza vybraných metód a techník kreatívneho myslenia. Rôzne aspekty tvrivosti a techniky pre generovanie nápadov a divergentné myslenie. 
610 2 0 |a vedomosti 
610 2 0 |a kreativita 
610 2 0 |a prostredie podnikateľské 
100 1 |a Potančok, Milan